000 00713nam a22002417a 4500
003 dpl
005 20180613135600.0
008 180613b xxu||||| |||| 00| 0 eng d
010 _aB-061712
020 _a0070434786
_c0.00
035 _aB-061712
037 _bBPPD / PUB
040 _c0
082 1 4 _a657.42
100 1 _aKhan, M. Y.
245 1 _aTheory and problems in cost accounting /
_cby M. Y. Khan and P. K. Jain
260 _aNew Delhi
_bTata McGraw-Hill
_c2001
270 _a7 West Patel Nagar
_bNew Delhi
_e110 008
300 _a various pagings
_c24cm (Hb )
440 _aTMH Outline series
700 _aJain, P. K.
942 _adpl
_cEN
_k657.42 / KHA
_2ddc
_h657.42
_mKHA
999 _c152672
_d152672